Štúdio tanca

Enregistré dans:
Détails bibliographiques
Auteur principal: Dräxlerová, Laura (Auteur)
Autres auteurs: Korček, Pavol (Directeur de thèse)
Format: Manuscrit Livre
Langue:slovaque
Publié: Bratislava 2016
Sujets:
Accès en ligne:http://is.stuba.sk/zp/portal_zp.pl?podrobnosti=102415
Tags: Ajouter un tag
Pas de tags, Soyez le premier à ajouter un tag!

MARC

LEADER 00000ntm a22000003a 4500
001 stuzp57395
003 SK-STU
005 20210216110231.0
007 ta
008 150427s2015----xo-----f-mn---000-0-slo-d
040 |a STU  |b slo 
041 0 |a slo 
100 1 |a Dräxlerová, Laura  |u 058180  |4 aut  |U FAD Fakulta architektúry  |T FA Ústav architektúry občianskych budov  |X 61687  |U A8180  |Y 399  |7 61687 
242 0 1 |a Dance studio  |y eng 
245 1 0 |a Štúdio tanca 
260 |c 2016  |a Bratislava 
650 4 |a tanečné štúdio  |2 slo 
650 4 |a kultúra  |2 slo 
650 4 |a univerzálne navrhovanie  |2 slo 
650 4 |a dance studio  |2 eng 
650 4 |a minimalism  |2 eng 
650 4 |a event place  |2 eng 
700 1 |a Korček, Pavol  |u 058180  |k Z8  |4 ths  |U FAD Fakulta architektúry  |T FA Ústav architektúry občianskych budov  |X 3546  |U A8180  |Y 399  |7 A000003546 
856 4 |u http://is.stuba.sk/zp/portal_zp.pl?podrobnosti=102415  |u https://opac.crzp.sk/?fn=detailBiblioForm&sid=28C7416B5E23CF19957F75CEF8E1 
SQL |a stuzp57395  |b DBP  |c SLO  |d Štúdio tanca  |e 61687  |f Dräxlerová, Laura  |g 058180  |h 3546  |i Korček, Pavol  |j 20160609  |k 149  |l 05  |m http://is.stuba.sk/zp/portal_zp.pl?podrobnosti=102415  |n B-AU  |o 5.1.1. architektúra a urbanizmus